Score 0/20 Timer 03:00
1 Play Today
Title Missing Word % Correct
____ WarholAndy
90.2%
Ziggy ____Stardust
90%
____ OdditySpace
89.8%
____ to AshesAshes
88.2%
Life on ____?Mars
86.8%
Let's ____Dance
84.2%
____ RebelRebel
75.1%
Where Are We ____?Now
71.7%
____ AmericansYoung
67.5%
The ____ GenieJean
57.2%
Title Missing Word % Correct
The Man Who ____ the WorldSold
55.2%
____! You Pretty ThingsOh
52.6%
____ and VisionSound
48.8%
John, I'm Only ____Dancing
47.6%
Five ____Years
35.1%
____ DaydreamMoonage
34%
____ in DetroitPanic
30.1%
Always Crashing in the Same ____Car
28%
Hang On to ____Yourself
25.8%
Be My ____Wife
25.1%

Today's Daily Dose

Missing Word
Train Books

Word Ladder
Piano Man

Quick Pick
Google Products

Get the Picture
Moana or Coco

Remove Ads.
Support Sporcle.
Get the best of Sporcle when you Go Orange. This ad-free experience offers more features, more stats, and more fun while also helping to support Sporcle. Thank you for becoming a member.

You're not logged in!

Compare scores with friends on all Sporcle quizzes.
OR
Log In

Show Comments

Extras

Top Quizzes Today


Score Distribution

Your Account Isn't Verified!

In order to create a playlist on Sporcle, you need to verify the email address you used during registration. Go to your Sporcle Settings to finish the process.

Report this User

Report this user for behavior that violates our Community Guidelines.

Details: